logo

TERCIOS DE ESPAÑA: LA INFANTERIA LEGENDARIA (Registro nro. 65086)

Detalles MARC
000 -CABECERA
campo de control de longitud fija 00471nam a2200181Ia 4500
001 - NÚMERO DE CONTROL
campo de control 29766
005 - FECHA Y HORA DE LA ÚLTIMA TRANSACCIÓN
campo de control 20260407094505.0
008 - CÓDIGOS DE INFORMACIÓN DE LONGITUD FIJA
campo de control de longitud fija 260115s9999 xx 000 0 und d
010 ## - NÚMERO DE CONTROL DE LA BIBLIOTECA DEL CONGRESO
Número de control de LC 65086
035 ## - NÚMERO DE CONTROL DEL SISTEMA
Número de control de sistema 19867
090 ## - LOCALMENTE ASIGNADO TIPO-LC NÚMERO DE CLASIFICACIÓN (OCLC); NÚMERO DE CLASIFICACIÓN LOCAL (RLIN)
Número de clasificación (OCLC) (R) ; Numero de clasificación CALL (RLIN) (NR) 355.4; 94; 946.0
100 ## - PUNTO DE ACCESO PRINCIPAL - NOMBRE DE PERSONA
Nombre de persona MARTINEZ LAINEZ FERNANDO
245 #0 - MENCIÓN DE TÍTULO
Título TERCIOS DE ESPAÑA: LA INFANTERIA LEGENDARIA
260 ## - PUBLICACIÓN, DISTRIBUCIÓN, ETC. (PIE DE IMPRENTA)
Nombre del editor distribuidor etc. EDAF
Fecha de publicación distribución etc. 2006
630 ## - PUNTO DE ACCESO ADICIONAL DE MATERIA--TÍTULO UNIFORME
Título uniforme HISTORIA DE ESPAÑA. EDAD MEDIA
650 ## - PUNTO DE ACCESO ADICIONAL DE MATERIA--TÉRMINO DE MATERIA
Término de materia o nombre geográfico como elemento inicial HISTORIA DE LAS CAMPAÑAS
942 ## - ELEMENTOS DE PUNTO DE ACCESO ADICIONAL (KOHA)
Tipo de ítem Koha Monografías
Existencias
Estado de retiro Estado de pérdida Estado dañado No para préstamo Código de colección Localización permanente Ubicación/localización actual Ubicación en estantería Fecha de adquisición Enumeración/cronología de publicación seriada Número de inventario Número de registro Total de préstamos Signatura topográfica completa Código de barras Fecha visto por última vez Número de copia Precio válido a partir de Tipo de ítem Koha Nota pública
          Servicio de Estudios Históricos Servicio de Estudios Históricos   28/11/2006 355.4; 94; 946.0 26633 26633   19867 FH_29766 05/02/2026 1 05/02/2026 Monografías 24 X 17 CTMS, 280 PAGS, 20,14 € ISBN:84-414-1847-0